Piłkarska kariera Wayne'a Rooneya. - Statystyki

Ogólne statystyki
  • Ten quiz został rozwiązany 162 razy
  • Średni wynik to 4 z 5
Statystyki odpowiedzi
Lata Drużyna % Poprawnych
2004-2017 Manchester United
99%
2002-2004 Everton
88%
2017-2018 Everton
88%
2020-teraz Derby County
64%
2018-2020 D.C. United
41%
Nie znaleziono quizów pasujących do podanych kryteriów
Rozkład punktacji
Procent ludzi z każdym wynikiem
Percentyl według liczby udzielonych odpowiedzi
Twoja historia wyników
Nie rozwiązałeś tego quizu